00874nam a2200277 a 4500001001000000003000900010005001700019007000300036008004100039040002500080082002400105100003300129245004700162250001100209260003600220300002800256490001100284590002800295650003100323650003200354830001800386910003700404942001400441952012400455999001700579000013324DO-SdBNP20240412074238.0ta091123s1981 dr a 001 0 spa d aDO-SdBNPbspacBNPHU 4aRD867.44bL865r2221 aLora, Víctor Manuel92288510aRisas dominicanas /cVíctor Manuel Lora. a2a ed. aSanto Domingo :bTaller,c1981. a175 p. :bil. ;c21 cm.1 aDebate aInventariado, 2022/MFF  0aLiteratura dominicana.967 4aHumorismo dominicano930515 0aDebate913868 aValidado. Control de calidad MFF 2ddccLBS1 00102ddc51708PDaBNPHUbBNPHUcHDd2009-11-23oBNPHU PD RD867.44 L865r 1981p13324-10r2020-06-25w2020-06-25yLBS1 c12953d12953